000
00295cam a22000977a 4500
008
180718b1970 xxu||||| |||| 00| 0 eng d
082
_a
K85x42 Un3r
245
_a
House of commons menber's contributory pension fund report
260
_a
London
_b
Her Majesty's Stationery Office
_c
1970
300
_a
7+p.
999
_c
500157
_d
500157